Datum a čas kvízu
17
Celkem bodů
Celkový počet nahraných bodů na tomto kvízu bez doplňovacích otázek.
5.
Pořadí na kvízu
Konečné umístění týmu na tomto kvízu.
Zaznamenané odpovědi
| # | Otázka | Odpověď | Body | Výsledky |
|---|---|---|---|---|
| 1. | Starosta jedné městské části T... | v Brně | 0 | |
| 2. | Ve čtvrtek jsme se dozvěděli,... | Katy Perry | 1 | |
| 3. | V depozitáři muzea ve slovensk... | Donatello | 0 | |
| 4. | Jak se nazývá nová platforma,... | Oneplay | 1 | |
| 5. | Jeden známý fotbalista dostal... | Lionel Messi | 0 | |
| 6. | Které souostroví se v češtině... | Kapverdy | 0 | |
| 7. | Na okraji obce ve Zlínském kra... | Modrá | 0 | |
| 8. | Která známá historická osobnos... | Adolf Hitler | 0 | |
| 9. | Jak se jmenuje prales na hrani... | Bělověžský prales | 0 | |
| 10. | Jak se nazývá německé pohoří,... | Černý les (Schwarzwald) | 0 |